Kontajnerová doprava

Salvato in:
Dettagli Bibliografici
Autore principale: Deribas, Andrej Terentievič (Autore)
Altri autori: Srnánek, Milan (Traduttore), Řepka, Luděk (Traduttore)
Natura: Libro
Pubblicazione: Bratislava : Alfa, 1980
Edizione:1.
Soggetti:
Accesso online:OBSAH
Tags: Aggiungi Tag
Nessun Tag, puoi essere il primo ad aggiungerne!!

MARC

LEADER 00000nam a22000003a 4500
001 stu52711
005 20150617225706.6
008 000320s1980----cs----------------------d
040 |a STU  |b slo 
041 0
044 |a cs 
080 |a 629.1-445 
100 1 |a Deribas, Andrej Terentievič  |4 aut 
245 1 |a Kontajnerová doprava 
250 |a 1. 
260 |a Bratislava :  |b Alfa,  |c 1980 
300 |a 476 s 
650 7 |a Kontajnery  |2 stusub 
700 1 |a Srnánek, Milan  |4 trl 
700 1 |a Řepka, Luděk  |4 trl 
856 4 |a https://sweb.mtf.stuba.sk/obsahy/kontajnerova_doprava_80.pdf  |u https://sweb.mtf.stuba.sk/obsahy/kontajnerova_doprava_80.pdf  |3 OBSAH 
996 |b 284M014173  |c M*10393-1  |l MMKN  |s A  |a 24  |w stu52711_0001